[Event "World Youth Girl U14 2016"]
[Site "Khanty-Mansiysk RUS"]
[Date "2016.10.03"]
[Round "11.31"]
[White "Gomes, Maria Eduarda"]
[Black "Mairambekova, Aiperi"]
[Result "1/2-1/2"]
[WhiteElo "1569"]
[BlackElo "1329"]
[WhiteFideId "2158957"]
[BlackFideId "13801511"]
[EventDate "2016.09.22"]

1. e4 e5 2. Nf3 Nc6 3. Bc4 Bc5 4. Nc3 Nf6 5. d3 d6 6. h3 h6 7. Be3 Bxe3 8. fxe3
Na5 9. Bb3 Nxb3 10. axb3 O-O 11. g4 Nh7 12. Qe2 a6 13. O-O-O b5 14. Rdg1 g6 15.
h4 b4 16. Nd1 a5 17. d4 exd4 18. exd4 Kg7 19. Nf2 Qe8 20. Qd2 Qb5 21. Qd3 Qb6
22. Qe3 Bb7 23. g5 h5 24. Re1 a4 25. bxa4 Rxa4 26. d5 Qa5 27. b3 Ra2 28. Kd2 Qa3
29. Qd4+ Kg8 30. Ra1 Ra8 31. Rxa2 Qxa2 32. Qxb4 Bc8 33. Qc3 Qa7 34. Qd4 Qa5+ 35.
Qc3 Qb6 36. Nd3 Nf8 37. Nd4 Bd7 38. Rf1 Rc8 39. Rf6 Qb8 40. Nb4 Nh7 41. Rf4 Re8
42. Nbc6 Bxc6 43. Nxc6 Qb6 44. Qf3 Rf8 45. Qf2 Qxf2+ 46. Rxf2 f6 47. gxf6 Nxf6
48. Kd3 Nd7 49. Rxf8+ Kxf8 50. Nd4 Nc5+ 51. Ke3 Na6 52. Ne6+ Ke7 53. Nd4 Kf6 54.
Kf4 Nb4 55. Nb5 Nxc2 56. Nxc7 Ne1 57. Nb5 Nd3+ 58. Ke3 Nc5 59. b4 Na6 60. Nxd6
Nxb4 61. Nc4 g5 62. hxg5+ Kxg5 63. Kf3 h4 64. Ne5 Kf6 65. Ng4+ Ke7 66. Nf2 Kd6
67. Kg4 Nxd5 68. Kxh4 Ke5 69. Kg3 Nf6 1/2-1/2

[Event "World Youth Girl U14 2016"]
[Site "Khanty-Mansiysk RUS"]
[Date "2016.10.03"]
[Round "11.33"]
[White "Kvamme, Ingrid Jodre"]
[Black "Plaza Reino, Mercedes"]
[Result "1/2-1/2"]
[WhiteElo "1450"]
[BlackElo "1665"]
[WhiteFideId "1516981"]
[BlackFideId "24511951"]
[EventDate "2016.09.22"]

1. Nf3 c5 2. c4 Nc6 3. g3 g6 4. Bg2 Bg7 5. O-O e6 6. Nc3 Nge7 7. a3 d5 8. d3 O-O
9. Qc2 b6 10. Rd1 Bb7 11. Rb1 a5 12. Nb5 Qd7 13. Bf4 e5 14. cxd5 Nxd5 15. Bd2
Rac8 16. Qb3 Rfd8 17. Nc3 Nce7 18. Ng5 h6 19. Nxd5 Nxd5 20. Ne4 Rb8 21. Rbc1 Bc6
22. Qa2 Ra8 23. b3 Nc7 24. a4 Ne6 25. Bc3 Qb7 26. f3 Nd4 27. Bxd4 Rxd4 28. Bh3
Kh7 29. Nd2 f5 30. Nc4 Rb8 31. e3 Rdd8 32. f4 e4 33. dxe4 Bxe4 34. Bg2 Bxg2 35.
Qxg2 Qc7 36. e4 Bd4+ 37. Kf1 fxe4 38. Qxe4 Re8 39. Qg2 Rbd8 40. Re1 Rxe1+ 41.
Rxe1 Qf7 42. Qe4 Rb8 43. Qe7 Kg7 44. Qd6 Rb7 45. Nxb6 Qxb3 46. Re7+ Rxe7 47.
Qxe7+ Qf7 48. Qxf7+ Kxf7 49. Nc4 Bc3 50. Ke2 Ke6 51. Kd3 Be1 52. Ke4 Bb4 1/2-1/2

[Event "World Youth Girl U14 2016"]
[Site "Khanty-Mansiysk RUS"]
[Date "2016.10.03"]
[Round "11.34"]
[White "Idirisinghe, I M N H"]
[Black "Bitkova, Elizavetta"]
[Result "1-0"]
[WhiteElo "1436"]
[BlackElo "1415"]
[WhiteFideId "9915478"]
[BlackFideId "4506014"]
[EventDate "2016.09.22"]

1. e4 e6 2. d4 d5 3. Nc3 Nf6 4. Bg5 Be7 5. e5 Nfd7 6. Bxe7 Qxe7 7. f4 c5 8. Nf3
Nc6 9. Nb5 O-O 10. Bd3 h6 11. c3 cxd4 12. Nfxd4 Nc5 13. Bc2 b6 14. Nxc6 Qd7 15.
Ncd4 Ba6 16. Nd6 f5 17. g3 Ne4 18. Bxe4 dxe4 19. Qb3 Bc8 20. Nxc8 Raxc8 21.
Qxe6+ Qxe6 22. Nxe6 Rfe8 23. Nd4 Rf8 24. O-O-O g5 25. Rhf1 g4 26. Rh1 Kf7 27.
Nxf5 1-0